Normal view
MARC view
- Natural resources
Entry Topical Term
001 - CONTROL NUMBER
- control field: 15587
003 - CONTROL NUMBER IDENTIFIER
- control field: OSt
005 - DATE AND TIME OF LATEST TRANSACTION
- control field: 20260228161818.0
008 - FIXED-LENGTH DATA ELEMENTS
- fixed length control field: 260228|| aca||aabn | a|a d
040 ## - CATALOGING SOURCE
- Original cataloging agency: OSt
- Transcribing agency: OSt
150 ## - HEADING--TOPICAL TERM
- Topical term or geographic name entry element: Natural resources
- General subdivision: Management
- General subdivision: Mathematical models
670 ## - SOURCE DATA FOUND
- Source citation: Work cat.: (OSt)6133: Conrad, Jon M., author. 15586, Natural Resource economics :